Нормальные и изопреноидные алканы нефти и экстрактов горных пород юрских отложений юго-востока Западной Сибири; Перспективы нефтегазоносности слабоизученных комплексов отложений юго-востока Западно-Сибирской плиты. Палеозой. Нижняя - средняя юра. Мел

Λεπτομέρειες βιβλιογραφικής εγγραφής
Parent link:Перспективы нефтегазоносности слабоизученных комплексов отложений юго-востока Западно-Сибирской плиты. Палеозой. Нижняя - средняя юра. Мел.— 1995.— С. 19-20
Κύριος συγγραφέας: Гончаров И. В. Иван Васильевич
Άλλοι συγγραφείς: Федоров Б. А.
Περίληψη:В фонде НТБ ТПУ отсутствует
Γλώσσα:Ρωσικά
Έκδοση: 1995
Θέματα:
Μορφή: Κεφάλαιο βιβλίου
KOHA link:https://koha.lib.tpu.ru/cgi-bin/koha/opac-detail.pl?biblionumber=598434

MARC

LEADER 00000naa0a2200000 4500
001 598434
005 20250324090008.0
035 |a (RuTPU)RU\TPU\tpu\22071 
035 |a RU\TPU\tpu\22070 
090 |a 598434 
100 |a 20121121d1995 k y0rusy50 ca 
101 0 |a rus 
102 |a RU 
200 1 |a Нормальные и изопреноидные алканы нефти и экстрактов горных пород юрских отложений юго-востока Западной Сибири  |f И. В. Гончаров, Б. А. Федоров 
333 |a В фонде НТБ ТПУ отсутствует 
463 |t Перспективы нефтегазоносности слабоизученных комплексов отложений юго-востока Западно-Сибирской плиты. Палеозой. Нижняя - средняя юра. Мел  |o тезисы докладов научно-практической конференции 11-12 мая 1995 г., г. Томск  |v С. 19-20  |d 1995 
610 1 |a труды учёных ТПУ 
700 1 |a Гончаров  |b И. В.  |c геолог  |c профессор Томского политехнического университета, доктор геолого-минералогических наук  |f 1947-  |g Иван Васильевич  |3 (RuTPU)RU\TPU\pers\21956  |9 9275 
701 1 |a Федоров  |b Б. А. 
801 1 |a RU  |b 63413507  |c 20121030 
801 2 |a RU  |b 63413507  |c 20121121  |g RCR 
942 |c BK